000 00432nam a2200145 i 4500
001 bg
245 0 _aBibliografia Bibliografii i Nauki o Książce 1979.
_nCz. 2,
_pPolska Bibliografia Bibliologiczna /
_coprac. Maria Barbara Bieńkowa.
260 _aWarszawa.
700 1 _aBieńkowa, Maria Barbara.
_eOprac.
040 _cBPK
041 _apol
080 _a016:01+002
942 _cKS
008 s pl f |000 0 pol
999 _c23779
_d23779
856 _uhttp://koha.tu.koszalin.pl/cgi-bin/koha/opac-detail.pl?biblionumber=23779
_yKatalog online BPK